=LDR 00000nam 2200000 4500 =001 INLIS000000000036704 =005 20130612142456 =008 ***********************************Ind** =035 ##$$0010-061300000036704 =041 ##$$a Ind =082 ##$$a 616.81 =090 ##$$a 616.81, Pan s =100 ##$$a Panji, Dewi =245 ##$$a Stroke bukan akhir segalanya, Dewi Pandji ; editor, Fanda A =260 ##$$a 2011 $b Jakarta =300 ##$$a 277 hlm, ilus, 22 cm =650 ##$$a Stroke =850 ##$$a NBPNMAT =990 ##$$a 0001/BPAP-NTB/20142015